|
|
|
|
| LEADER |
00000nam a2200000 a 4500 |
| 001 |
UCZ6897 |
| 003 |
CL-VaPUC |
| 008 |
951219e19900000CL |||||||||||||||||spa|d |
| 082 |
0 |
4 |
|a 333.72
|b ASE
|2 21
|
| 100 |
0 |
|
|a Asenjo, Rafael
|e author
|9 351500
|
| 700 |
0 |
|
|a Bobenrieth, Eugenio
|e author
|9 351501
|
| 700 |
0 |
|
|a Boudier, Helene
|e author
|9 351502
|
| 700 |
0 |
|
|a Dasgupta, Partha
|e author
|9 351503
|
| 700 |
0 |
|
|a Dixon, John
|e author
|9 351504
|
| 700 |
0 |
|
|a Fallon, Louise
|e author
|9 351505
|
| 700 |
0 |
|
|a Fuentes, José María
|e author
|9 351506
|
| 700 |
|
|
|a Gómez-Lobo, Andrés
|e author
|9 526213
|
| 700 |
0 |
|
|a Goran Maler, Karl
|e author
|9 351508
|
| 700 |
0 |
|
|a Nelson, Michael
|e author
|9 351509
|
| 700 |
0 |
|
|a Niklitschek, Mario
|e author
|9 351510
|
| 245 |
1 |
0 |
|a Desarrollo y medio ambiente: hacia un enfoque integrador
|
| 300 |
|
|
|a 228 p
|
| 942 |
|
|
|c BK
|
| 945 |
|
|
|d 19951219 00:00:00
|a rleighto
|
| 260 |
|
|
|a Santiago
|b CIEPLAN
|c 1990
|
| 650 |
|
0 |
|a Medio ambiente
|9 257625
|
| 650 |
|
7 |
|a CONTAMINACION
|2 CL-VaPUC
|9 258139
|
| 650 |
|
0 |
|a Desarrollo económico
|9 259599
|
| 650 |
|
0 |
|a Recursos naturales
|9 255232
|
| 650 |
|
0 |
|a Recursos pesqueros
|9 255431
|
| 650 |
|
7 |
|a RECURSOS FORESTALES
|2 CL-VaPUC
|9 334317
|
| 651 |
|
7 |
|a CHILE
|2 CL-VaPUC
|9 351511
|
| 583 |
|
|
|a last modification
|c 19951219 00:00:00
|k Rodrigo Vera
|
| 999 |
|
|
|c 243044
|d 243042
|
| 952 |
|
|
|0 0
|1 0
|4 0
|6 333_720000000000000_ASE_1990
|7 0
|8 A
|9 256420
|a BIBING
|b BIBING
|d 2019-11-19
|i 3162389
|o 333.72 ASE 1990
|p 3162389
|r 2025-01-20
|w 2019-11-19
|y BK
|k GEO
|